000 00638nam a22002177a 4500
003 BUBTL
008 221117b ||||| |||| 00| 0 eng d
020 _a9847002006811
082 _a823.912/ Or91/ 2020
100 _94922
_aOrwell, George
245 _a1984/
_cGeorge Orwell
250 _a1st Edn.
260 _aDhaka:
_bFriends' Book Corner
_cc2020
300 _axxxviii, 332 p.:
_c19 cm
440 _94221
_aFriends' Classics
505 _a1984, George Orwell, Friends' Classics
650 0 _91994
_aEnglish Literature
856 _k0
_l0
_yDownload
942 _2ddc
_cBK
999 _c6807
_d6807